[Event "FRA-chT4 1516"]
[Site "Champagne Ardenne"]
[Date "2016.01.31"]
[Round "5"]
[White "Vallet, Aurelien"]
[Black "Roussel, Julien"]
[Result "0-1"]
[WhiteElo "1552"]
[BlackElo "1809"]
[PlyCount "119"]
[EventDate "2015.12.06"]
[EventType "team-tourn"]
[EventRounds "7"]
[EventCountry "FRA"]
[SourceTitle "EXT 2024"]
[Source "ChessBase"]
[SourceDate "2023.10.10"]
[SourceVersion "1"]
[SourceVersionDate "2023.10.10"]
[SourceQuality "1"]

1. e4 d6 2. d4 Nf6 3. Nc3 c6 4. Nf3 g6 5. Be3 Bg7 6. h3 b5 7. Bd3 a6 8. Qd2 Bb7 9. Bh6 0-0 10. Bxg7 Kxg7 11. h4 h5 12. Ng5 Qb6 13. Ne2 c5 14. c3 Nc6 15. Bc2 b4 16. 0-0 cxd4 17. cxd4 a5 18. Kh1 e5 19. d5 Ne7 20. f3 Rac8 21. Ba4 Rc7 22. Rac1 Rfc8 23. Rxc7 Rxc7 24. Rc1 Rxc1+ 25. Nxc1 Qc7 26. Bb5 Nc8 27. Be2 Nb6 28. Nb3 Nbd7 29. Qd3 Nc5 30. Nxc5 Qxc5 31. Qc4 Qxc4 32. Bxc4 Nh7 33. Nh3 Nf6 34. Ng1 Ng8 35. Ne2 Ne7 36. Nc1 f5 37. Nb3 Kf6 38. Nxa5 Ba8 39. Kg1 g5 40. g3 gxh4 41. gxh4 Ng6 42. Bb5 Ke7 43. Bc6 Bxc6 44. dxc6 Nxh4 45. Kf2 Ng6 46. a4 bxa3 47. bxa3 Nf4 48. Nb7 Nd3+ 49. Kg3 Nc5 50. Nxc5 dxc5 51. a4 Kd6 52. a5 Kxc6 53. Kh4 c4 54. Kxh5 c3 55. a6 c2 56. a7 Kb7 57. Kg6 c1Q 58. Kxf5 Kxa7 59. Kxe5 Qb2+ 60. Kf5 0-1

[Event "Mont de Marsan op 9th"]
[Site "Mont de Marsan"]
[Date "2012.12.28"]
[Round "6"]
[White "Scott, Stan"]
[Black "Roussel, Julien"]
[Result "1/2-1/2"]
[WhiteElo "1556"]
[BlackElo "1725"]
[PlyCount "87"]
[EventDate "2012.12.27"]
[EventType "swiss"]
[EventRounds "9"]
[EventCountry "FRA"]
[SourceTitle "CBM 152 Extra"]
[Source "ChessBase"]
[SourceDate "2013.02.25"]
[SourceVersion "1"]
[SourceVersionDate "2013.02.25"]
[SourceQuality "1"]

1. d4 Nf6 2. Nf3 e6 3. e3 Be7 4. Bd3 d5 5. Nbd2 0-0 6. 0-0 b6 7. Re1 Ba6 8. e4 dxe4 9. Nxe4 Bxd3 10. Qxd3 Nbd7 11. Bg5 Nxe4 12. Bxe7 Qxe7 13. Qxe4 Nf6 14. Qe2 c5 15. dxc5 Qxc5 16. c3 Rfd8 17. Rad1 Qc7 18. Rxd8+ Rxd8 19. Rd1 Rxd1+ 20. Qxd1 Qd7 21. Qxd7 Nxd7 22. Kf1 Nc5 23. b3 Kf8 24. Nd2 Ke7 25. f3 Kd6 26. Ke2 h6 27. Ne4+ Nxe4 28. fxe4 Ke5 29. Ke3 f5 30. exf5 exf5 31. c4 h5 32. h4 f4+ 33. Kd3 Kf5 34. b4 Ke5 35. c5 bxc5 36. bxc5 Kd5 37. c6 Kxc6 38. Ke4 Kb5 39. Kxf4 Kb4 40. Kg5 Ka3 41. Kxh5 Kxa2 42. Kg6 Kb1 43. Kxg7 a5 44. h5 1/2-1/2

[Event "Louviers op 12th"]
[Site "Louviers"]
[Date "2009.05.31"]
[Round "3"]
[White "Mouhamad, Joachin"]
[Black "Roussel, Julien"]
[Result "1/2-1/2"]
[WhiteElo "1978"]
[BlackElo "1859"]
[PlyCount "61"]
[EventDate "2009.05.30"]
[EventType "swiss"]
[EventRounds "6"]
[EventCountry "FRA"]
[SourceTitle "EXT 2011"]
[Source "ChessBase"]
[SourceDate "2010.11.26"]
[SourceVersion "1"]
[SourceVersionDate "2010.11.26"]
[SourceQuality "1"]

1. e4 Nf6 2. Nc3 d6 3. d4 g6 4. Be3 Bg7 5. f3 0-0 6. Qd2 e5 7. Nge2 Nbd7 8. 0-0-0 c6 9. g4 b5 10. Ng3 Qa5 11. g5 Ne8 12. h4 b4 13. Nb1 Nc7 14. h5 exd4 15. Bxd4 Bxd4 16. hxg6 fxg6 17. Bc4+ d5 18. Qxd4 dxc4 19. Qxc4+ Rf7 20. Nf5 gxf5 21. Rxh7 Ne5 22. Rd8+ Kxh7 23. Qf1 Rf8 24. Rxf8 Kg7 25. Qh3 Kxf8 26. Qh8+ Ke7 27. Qf6+ Ke8 28. Qh8+ Kd7 29. Qg7+ Ke8 30. Qh8+ Kf7 31. Qh7+ 1/2-1/2

[Event "Louviers op 12th"]
[Site "Louviers"]
[Date "2009.05.31"]
[Round "4"]
[White "Roussel, Julien"]
[Black "Goy, Wilfried"]
[Result "1-0"]
[WhiteElo "1859"]
[BlackElo "1953"]
[PlyCount "89"]
[EventDate "2009.05.30"]
[EventType "swiss"]
[EventRounds "6"]
[EventCountry "FRA"]
[SourceTitle "EXT 2011"]
[Source "ChessBase"]
[SourceDate "2010.11.26"]
[SourceVersion "1"]
[SourceVersionDate "2010.11.26"]
[SourceQuality "1"]

1. d4 Nf6 2. c4 g6 3. Nc3 Bg7 4. e4 d6 5. Nf3 c6 6. Be2 0-0 7. 0-0 Na6 8. h3 c5 9. d5 Nd7 10. Be3 Nc7 11. Qd2 a6 12. a4 Rb8 13. Bh6 a5 14. Bxg7 Kxg7 15. Nd1 Na6 16. Qc3+ f6 17. Ng5 Ne5 18. f4 Nf7 19. Ne3 Nb4 20. Bg4 Nxg5 21. fxg5 h5 22. gxf6+ exf6 23. Bxc8 Rxc8 24. g4 hxg4 25. Nxg4 Qe7 26. Rf2 Rf7 27. Raf1 Rcf8 28. b3 Qxe4 29. Nxf6 Qd4 30. Qxd4 cxd4 31. Ne8+ Rxe8 32. Rxf7+ Kh6 33. Rxb7 Re3 34. Rd1 d3 35. Rxb4 axb4 36. c5 dxc5 37. d6 Re8 38. Rxd3 Rd8 39. a5 Kg7 40. a6 Kf7 41. a7 Ke6 42. d7 Ke7 43. Kf2 c4 44. bxc4 b3 45. Rxb3 1-0